000 00540cab a2200205 4500
001 X225
008 090401t1992 xxu||||| |||| 00| 0 eng d
035 _a(Sirsi) u64490
041 _aeng
100 _aSparkes, P.
245 _aEstablishing easements against leaseholds
260 _c1992
350 _a0
490 _aConveyancer & Property Lawyer
_vMay/June 1992, 167-179(13)
650 _aLOST MODERN GRANT
650 _aSIMMONS V DOBSON
690 _aHIGHWAYS RIGHTS OF WAY AND EASEMENTS
942 _n0
948 _c04/03/1997
999 _c40170
_d40170